Riadenie nelineárnej sústavy pomocou neurónových sietí

Uložené v:
Podrobná bibliografia
Hlavný autor: Valko, Juraj (Autor)
Ďalší autori: Körösi, Ladislav, 1977- (Vedúci práce)
Médium: Rukopis Kniha
Jazyk:Slovak
Vydavateľské údaje: Bratislava : STU v Bratislave FEI, 2008
Predmet:
Tagy: Pridať tag
Žiadne tagy, Buďte prvý, kto otaguje tento záznam!

MARC

LEADER 00000ntm a22000003a 4500
001 stu171188
005 20160719165058.9
008 081002s2008------------------------slo-d
040 |a STU  |b slo 
041 0 |a slo 
100 1 |a Valko, Juraj  |4 aut 
245 1 |a Riadenie nelineárnej sústavy pomocou neurónových sietí 
260 |a Bratislava :  |b STU v Bratislave FEI,  |c 2008 
300 |a 77 s 
650 7 |a automatizácia  |2 stusub 
650 7 |a robotika  |2 stusub 
700 1 |a Körösi, Ladislav,  |d 1977-  |4 ths  |u E011  |U FEI Fakulta elektrotechniky a informatiky  |T FEI Ústav robotiky a kybernetiky  |X 4960  |U E011  |Y 356  |7 A000004960